000
00354 a2200169 4500
001
194631
020
_a
978-85-08-01151-3
040
_c
Magnum
100
_a
França, Mary
240
1
0
_a
Pote de melado, O
_l
por
245
1
0
_a
Pote de melado, O
300
_a
16
362
0
_a
2000
440
1
_a
Ática
697
_a
LITERATURA INFANTIL
942
_c
BK
999
_c
194631
_d
194631